| 000 | 00782nam a2200265Ia 4500 | ||
|---|---|---|---|
| 003 | OSt | ||
| 005 | 20221005062154.0 | ||
| 006 | a|||||r|||| 00| 0 | ||
| 007 | ta | ||
| 008 | 221004b |||||||| |||| 00| 0 eng d | ||
| 020 |
_a0415217059 (pbk) _c556.42 |
||
| 024 | _a100835 | ||
| 037 |
_b3732, 03/03/2010, Bharat Scientific Syndicate _cTextual |
||
| 040 |
_aCRL _cCRL _beng |
||
| 041 |
_2eng _aeng |
||
| 082 | _aS8, P0 | ||
| 100 | _aPennington Donald C. | ||
| 245 | 0 | _aSocial cognition | |
| 260 |
_aLondon _bRoutledge UK _c2000 |
||
| 300 |
_axvii,195p. _ccm. |
||
| 490 | _aRoutledge modular psychology | ||
| 650 | _aPSYCHOLOGY | ||
| 942 |
_hS8, P0 _cTEXL _2cc |
||
| 999 |
_c969290 _d969290 |
||